| Tag |
First Indicator |
Second Indicator |
Subfields |
| LEADER |
00000cam a2200000 a 4500 |
| 001 |
in00005748607 |
| 005 |
20260326190423.2 |
| 006 |
m o d |
| 007 |
cr cn||||||||| |
| 008 |
111110s2011 enk o 000 0 eng d |
| 040 |
|
|
|a OPELS
|b eng
|e pn
|c OPELS
|d CDX
|d OCLCQ
|d OCLCO
|d DEBSZ
|d OCLCQ
|d OCLCF
|d OL$
|d OCLCQ
|d OCLCO
|d OCLCQ
|d OCLCO
|d OCLCL
|
| 020 |
|
|
|a 9780240820750
|q (electronic bk.)
|
| 020 |
|
|
|a 0240820754
|q (electronic bk.)
|
| 035 |
|
|
|a (OCoLC)760157361
|
| 037 |
|
|
|a 1116896:10516213
|b Elsevier Science & Technology
|n http://www.sciencedirect.com
|
| 050 |
|
4 |
|a TK5986
|b .R39 2011
|
| 082 |
0 |
4 |
|a 621.38284
|2 23
|
| 049 |
|
|
|a TXAM
|
| 100 |
1 |
|
|a Rayburn, Ray.
|
| 245 |
1 |
0 |
|a Eargle's The microphone book :
|b from mono to stereo to surround - a guide to microphone design and application.
|
| 246 |
3 |
0 |
|a Microphone book
|
| 250 |
|
|
|a 3rd ed. /
|b Ray Rayburn.
|
| 260 |
|
|
|a Oxford :
|b Focal,
|c 2011.
|
| 300 |
|
|
|a 1 online resource (1 volume)
|
| 336 |
|
|
|a text
|b txt
|2 rdacontent
|
| 337 |
|
|
|a computer
|b c
|2 rdamedia
|
| 338 |
|
|
|a online resource
|b cr
|2 rdacarrier
|
| 520 |
|
|
|a Eargle's Microphone Book is the only guide you will ever need for the latest in microphone technology, application and technique. This new edition features more on microphone arrays and wireless microphones, new material on digital models; the latest developments in surround; expanded advice on studio set up, recording and mic selection. Ray A. Rayburn provides detailed analysis of the different types of microphones available and addresses their application through practical examples of actual recording sessions and studio operations. The book takes you into the studio or concert hall to see how performers are positioned and how the best microphone array is determined. Problem areas such as reflections, studio leakage and isolation are analyzed from practical viewpoints. Creative solutions to stereo sound staging, perspective, and balance are covered in detail. Eargle's Microphone Book is an invaluable resource for learning the 'why' as well as the 'how' of choosing and placing a microphone for any situation. * The most comprehensive guide available, heavily illustrated with helpful diagrams, charts and equations * A timesaving, one-stop reference covering both microphone technology and practical tips on use and problem solving * Written by a highly respected industry veteran and Grammy award winner.
|
| 505 |
0 |
|
|a A Short History of the Microphone -- Basic Sound Transmission and Operational Forces on Microphones -- The Pressure Microphone -- The Pressure Gradient Microphone -- First-Order Directional Microphones -- High-Directionality Microphones -- Microphone Measurements, Standards, and Specifications -- Electrical Considerations and Electronic Interface -- Overview of Wireless Microphone Technology; Microphone Accessories -- Basic Stereophonic Techniques -- Stereo Microphones; Classical Stereo -- Recording Techniques and Practice -- Studio Recording Techniques -- Surround Sound Microphone Technology -- Surround Recording Case Studies -- A Survey of Microphones in Broadcast and Communications -- Fundamentals of Speech and Music Reinforcement -- Overview of Microphone Arrays and Adaptive Systems -- Care and Maintenance of Microphones -- Classic Microphones: The Author's View.
|
| 588 |
0 |
|
|a Print version record version.
|
| 650 |
|
0 |
|a Microphone.
|
| 650 |
|
0 |
|a Microphone
|x Design.
|
| 650 |
|
6 |
|a Microphones.
|
| 650 |
|
7 |
|a microphones.
|2 aat
|
| 650 |
|
7 |
|a Microphone
|2 fast
|
| 655 |
|
7 |
|a Electronic books.
|2 local
|
| 700 |
1 |
|
|a Eargle, John.
|t Microphone book.
|
| 710 |
2 |
|
|a ScienceDirect (Online service)
|
| 758 |
|
|
|i has work:
|a Eargle's The Microphone Book (Text)
|1 https://id.oclc.org/worldcat/entity/E39PCYkYwqH6VMYQRfCrBXXTVy
|4 https://id.oclc.org/worldcat/ontology/hasWork
|
| 776 |
0 |
8 |
|i Print version:
|a Rayburn, Ray.
|t Eargle's The microphone book.
|b 3rd ed.
|d Oxford : Focal, 2011
|z 9780240820750
|w (OCoLC)751833918
|
| 856 |
4 |
0 |
|u http://proxy.library.tamu.edu/login?url=https://www.sciencedirect.com/science/book/9780240820750
|z Connect to the full text of this electronic book
|t 0
|
| 955 |
|
|
|a Elsevier ScienceDirect 2026-2027
|
| 994 |
|
|
|a 92
|b TXA
|
| 999 |
f |
f |
|i 89db6dec-c281-44a0-94e8-af297c367a82
|s f0cac884-feef-44d1-bfa8-86d46d583fba
|t 0
|
| 952 |
f |
f |
|a Texas A&M University
|b College Station
|c Electronic Resources
|s www_evans
|d Available Online
|t 0
|e TK5986 .R39 2011
|h Library of Congress classification
|
| 998 |
f |
f |
|a TK5986 .R39 2011
|t 0
|l Available Online
|